[Event "2BLW 1718 SC Hansa Dortmund - SG Soling"]
[Site "?"]
[Date "2018.02.04"]
[Round "6.6"]
[White "Burchert, Wolfgang"]
[Black "Michalczak, Thomas"]
[Result "0-1"]
[WhiteElo "2053"]
[BlackElo "2283"]
[PlyCount "90"]
[EventDate "2018.??.??"]

1. e4 e5 2. Nf3 Nc6 3. d4 exd4 4. Nxd4 Nf6 5. Nxc6 bxc6 6. e5 Qe7 7. Qe2 Nd5 8.
h4 d6 9. c4 Nb6 10. exd6 cxd6 11. b3 Bg4 12. f3 Be6 13. Nc3 d5 14. cxd5 cxd5
15. Bb2 Qc7 16. Nb5 Qg3+ 17. Kd1 d4 18. Rh3 Qf4 19. g3 Qb8 20. Bxd4 Be7 21.
Bxg7 Bxh3 22. Bxh3 Qxg3 23. Bxh8 Rd8+ 24. Kc2 Qxh3 25. Re1 Qf5+ 26. Kb2 Qc5 27.
Bd4 Qb4 28. a3 Nc4+ 29. Ka2 Nxa3 30. Qxe7+ Qxe7 31. Rxe7+ Kxe7 32. Bc5+ Kf6 33.
Kxa3 a6 34. Nd4 Rd5 35. Bb6 Ke5 36. Ne2 Rd3 37. Bc7+ Kf6 38. f4 h5 39. Ka4 Kf5
40. b4 Kg4 41. Be5 Kxh4 42. Nc3 f5 43. b5 axb5+ 44. Kxb5 Kg4 45. Kc4 Rxc3+ 0-1

[Event "2BLW 1718 SC Hansa Dortmund - SG Soling"]
[Site "?"]
[Date "2018.02.04"]
[Round "6.7"]
[White "Kniest, Oliver"]
[Black "Prueske, Wolfgang"]
[Result "1-0"]
[WhiteElo "2303"]
[BlackElo "1988"]
[PlyCount "97"]
[EventDate "2018.??.??"]

1. d4 Nf6 2. c4 e6 3. Nc3 Bb4 4. Qc2 O-O 5. Nf3 d5 6. Bg5 h6 7. Bh4 c5 8. dxc5
Na6 9. O-O-O Nxc5 10. cxd5 Bxc3 11. Qxc3 Nce4 12. Qd4 exd5 13. e3 Qa5 14. Kb1
Bd7 15. Bd3 Ba4 16. Rc1 Rac8 17. b4 Qb6 18. Qxb6 axb6 19. Kb2 Bd7 20. Rhd1 g5
21. Bg3 Nxg3 22. hxg3 Be6 23. Nd4 Ng4 24. Bf5 Bxf5 25. Nxf5 Rxc1 26. Kxc1 Nxf2
27. Rxd5 Kh7 28. Rd6 Ng4 29. Rxb6 Rc8+ 30. Kb2 Rc7 31. Kb3 f6 32. a4 Kg6 33. e4
Ne5 34. Ne3 Nd3 35. Nd5 Nc1+ 36. Ka3 Rc2 37. b5 Rxg2 38. Rxf6+ Kh5 39. g4+ Rxg4
40. Rf3 Kh4 41. Re3 Rg2 42. e5 Ne2 43. e6 Nf4 44. e7 Nxd5 45. Re4+ g4 46. e8=Q
Rg3+ 47. Kb2 Rg2+ 48. Kc1 Rg1+ 49. Kd2 1-0

[Event "2BLW 1718 SC Hansa Dortmund - SG Soling"]
[Site "?"]
[Date "2018.02.04"]
[Round "6.8"]
[White "Linker, Walter"]
[Black "Wickenfeld, Stefan"]
[Result "0-1"]
[WhiteElo "2099"]
[BlackElo "2183"]
[PlyCount "68"]
[EventDate "2018.??.??"]

1. f4 d5 2. Nf3 c5 3. e3 Nc6 4. Bb5 Bd7 5. b3 a6 6. Bxc6 Bxc6 7. Ne5 Qd6 8. O-O
Nf6 9. Bb2 g6 10. d3 Bg7 11. Nxc6 Qxc6 12. Nd2 b5 13. Qe2 O-O 14. c4 Rfd8 15.
Rac1 dxc4 16. dxc4 b4 17. Rcd1 a5 18. e4 Nxe4 19. Bxg7 Rxd2 20. Rxd2 Nxd2 21.
Qxd2 Kxg7 22. Rd1 Qf6 23. Qd5 Rc8 24. g3 h5 25. Re1 e6 26. Qd7 Rd8 27. Qc7 Qd4+
28. Kf1 a4 29. Rxe6 axb3 30. axb3 Qd1+ 31. Re1 Qf3+ 32. Kg1 Rd2 33. Qe5+ Kh7
34. Qe4 Qf2+ 0-1

[Event "2BLW 1718 DJK Aachen - Klub Kölner Scha"]
[Site "?"]
[Date "2018.02.04"]
[Round "6.1"]
[White "Strohhaeker, Raoul"]
[Black "Jakubiec, Artur"]
[Result "0-1"]
[WhiteElo "2440"]
[BlackElo "2518"]
[PlyCount "106"]
[EventDate "2018.??.??"]

1. e4 c5 2. Nf3 d6 3. d4 cxd4 4. Nxd4 Nf6 5. Nc3 a6 6. Bg5 e6 7. f4 h6 8. Bxf6
Qxf6 9. Qd2 Nc6 10. Nf3 g5 11. fxg5 hxg5 12. Qxg5 Qxg5 13. Nxg5 Ne5 14. Nf3
Nxf3+ 15. gxf3 Bh6 16. Bd3 Bd7 17. Ke2 Bg5 18. Rag1 Bf6 19. h4 Ke7 20. h5 Rh6
21. Rh3 Rah8 22. Rgh1 Bxc3 23. bxc3 Rc8 24. Kd2 Rc5 25. Rh4 Bc6 26. R1h2 Be8
27. Rh1 Rg5 28. Rb1 Bc6 29. Rbh1 Kf8 30. R4h2 Ke7 31. Ke3 Ra5 32. Bc4 Rc5 33.
Kd4 f5 34. Bd3 f4 35. Be2 Rg5 36. c4 Kd8 37. Kc3 Kc7 38. Rh4 e5 39. Rg4 Rhxh5
40. Rxh5 Rxh5 41. Rg6 Rh2 42. Bd1 Rf2 43. c5 dxc5 44. Re6 b5 45. a3 b4+ 46.
axb4 cxb4+ 47. Kb2 a5 48. Rxe5 a4 49. Rf5 a3+ 50. Kc1 Kb6 51. Rxf4 b3 52. e5
b2+ 53. Kb1 Rd2 0-1

[Event "2BLW 1718 DJK Aachen - Klub Kölner Scha"]
[Site "?"]
[Date "2018.02.04"]
[Round "6.2"]
[White "Dambacher, Martijn"]
[Black "Morawietz, Dieter"]
[Result "1-0"]
[WhiteElo "2483"]
[BlackElo "2420"]
[PlyCount "87"]
[EventDate "2018.??.??"]

1. d4 Nf6 2. c4 e6 3. Nc3 Bb4 4. e3 b6 5. Nge2 Ba6 6. a3 Be7 7. Nf4 d5 8. cxd5
Bxf1 9. dxe6 Ba6 10. exf7+ Kxf7 11. Qb3+ Ke8 12. e4 Qxd4 13. Ne6 Qc4 14. Qxc4
Bxc4 15. Nxc7+ Kf7 16. Nxa8 Na6 17. Nxb6 axb6 18. b4 b5 19. Bb2 Rc8 20. f3 Nd7
21. Nd1 Bg5 22. g3 Bh6 23. f4 g5 24. Ne3 gxf4 25. gxf4 Bxf4 26. Nxc4 Rxc4 27.
O-O Rxe4 28. Bc1 Nc7 29. Rxf4+ Rxf4 30. Bxf4 Nd5 31. Bd6 Ke6 32. Bc5 Nc3 33.
Re1+ Kd5 34. Re7 Nf6 35. Rf7 Nce4 36. Be7 Ke6 37. Rxf6+ Nxf6 38. Bxf6 Kxf6 39.
Kf2 Ke5 40. Ke3 h5 41. h4 Kf5 42. Kd4 Kg4 43. a4 bxa4 44. b5 1-0

[Event "2BLW 1718 DJK Aachen - Klub Kölner Scha"]
[Site "?"]
[Date "2018.02.04"]
[Round "6.3"]
[White "Wacker, Peter"]
[Black "Van Dooren, Dirk"]
[Result "1/2-1/2"]
[WhiteElo "2306"]
[BlackElo "2343"]
[PlyCount "82"]
[EventDate "2018.??.??"]

1. e4 e6 2. d4 d5 3. Nd2 Nf6 4. e5 Nfd7 5. c3 c5 6. Bd3 Nc6 7. Ne2 f6 8. exf6
Qxf6 9. Nf3 Bd6 10. O-O O-O 11. Bc2 g6 12. Bg5 Qf7 13. Bh6 Re8 14. Re1 Nb6 15.
Ng5 Qf6 16. f4 Nc4 17. Nf3 cxd4 18. cxd4 Bb4 19. Rf1 Ne3 20. Qd3 Nxf1 21. Rxf1
Bd7 22. Ne5 Nxe5 23. fxe5 Qh4 24. Qe3 Be7 25. g3 Qh3 26. Rf2 Bb5 27. Qf4 Rf8
28. Bxf8 Rxf8 29. Qe3 Qg4 30. Rxf8+ Bxf8 31. Nc3 Ba6 32. Kg2 Be7 33. Qf4 Qh5
34. Bd1 Qf5 35. Bg4 Qf7 36. Qxf7+ Kxf7 37. Kf2 Bg5 38. Be2 Bxe2 39. Kxe2 Bc1
40. b3 Bb2 41. Kd3 Bxc3 {(=)} 1/2-1/2

[Event "2BLW 1718 DJK Aachen - Klub Kölner Scha"]
[Site "?"]
[Date "2018.02.04"]
[Round "6.4"]
[White "Buscher, Michael"]
[Black "Helbig, Mark"]
[Result "1-0"]
[WhiteElo "2394"]
[BlackElo "2346"]
[PlyCount "83"]
[EventDate "2018.??.??"]

1. Nf3 Nf6 2. b3 g6 3. Bb2 Bg7 4. g3 O-O 5. Bg2 c5 6. O-O Nc6 7. c4 d6 8. Nc3
Rb8 9. d4 cxd4 10. Nxd4 Bd7 11. e3 a6 12. Re1 Re8 13. Qe2 Nxd4 14. exd4 Bg4 15.
Bf3 e5 16. dxe5 Rxe5 17. Qd3 Bxf3 18. Qxf3 Qe7 19. Re2 Rxe2 20. Nxe2 d5 21. Rc1
dxc4 22. Rxc4 Re8 23. Nf4 Qe1+ 24. Kg2 Ne4 25. Nd3 Nd2 26. Nxe1 Nxf3 27. Kxf3
Bxb2 28. Nd3 Bf6 29. Rc7 Re7 30. Rxe7 Bxe7 31. Ke4 Kf8 32. Kd5 Ke8 33. Nc5 Bxc5
34. Kxc5 Kd7 35. Kb6 Kc8 36. h4 Kb8 37. g4 Kc8 38. g5 Kb8 39. b4 Kc8 40. a4 Kb8
41. b5 axb5 42. axb5 1-0

[Event "2BLW 1718 DJK Aachen - Klub Kölner Scha"]
[Site "?"]
[Date "2018.02.04"]
[Round "6.5"]
[White "Bayer, Ernst-Wolfgang"]
[Black "Skulener, Wladimir"]
[Result "1/2-1/2"]
[WhiteElo "2261"]
[BlackElo "2391"]
[PlyCount "30"]
[EventDate "2018.??.??"]

1. d4 f5 2. Nf3 Nf6 3. c4 d6 4. g3 g6 5. b4 Bg7 6. Bb2 O-O 7. Qb3 c5 8. dxc5
dxc5 9. b5 b6 10. Bg2 Bb7 11. O-O e6 12. Rd1 Qe7 13. Nbd2 Nbd7 14. Ne5 Bxg2 15.
Kxg2 Nxe5 {(=)} 1/2-1/2

[Event "2BLW 1718 DJK Aachen - Klub Kölner Scha"]
[Site "?"]
[Date "2018.02.04"]
[Round "6.6"]
[White "Marcziter, Dmitrii"]
[Black "Ludwig, Peter"]
[Result "1-0"]
[WhiteElo "2277"]
[BlackElo "2176"]
[PlyCount "53"]
[EventDate "2018.??.??"]

1. d4 Nf6 2. c4 e6 3. Nf3 b6 4. a3 Bb7 5. Nc3 d5 6. cxd5 Nxd5 7. Qc2 Nxc3 8.
bxc3 Qd5 9. e3 Nd7 10. Bd3 Nf6 11. c4 Qc6 12. Rb1 O-O-O 13. e4 Nd7 14. Ng5 f5
15. O-O Nf6 16. d5 exd5 17. exd5 Qe8 18. Bxf5+ Kb8 19. Ne6 Bd6 20. c5 Bxh2+ 21.
Kxh2 Qh5+ 22. Kg1 Rxd5 23. Bh3 Re5 24. cxb6 Rxe6 25. bxc7+ Ka8 26. Rxb7 Kxb7
27. Bxe6 1-0

[Event "2BLW 1718 DJK Aachen - Klub Kölner Scha"]
[Site "?"]
[Date "2018.02.04"]
[Round "6.7"]
[White "Bonnmann, Reinhard"]
[Black "van Dael, Siem"]
[Result "1/2-1/2"]
[WhiteElo "2234"]
[BlackElo "2277"]
[PlyCount "91"]
[EventDate "2018.??.??"]

1. d4 Nf6 2. c4 g6 3. Nc3 Bg7 4. e4 d6 5. Nf3 O-O 6. Be2 e5 7. dxe5 dxe5 8.
Qxd8 Rxd8 9. Nd5 Nxd5 10. cxd5 c6 11. Bc4 cxd5 12. Bxd5 Na6 13. Bg5 Re8 14.
O-O-O Nc7 15. Bb3 Be6 16. Nd2 b6 17. Kb1 Bxb3 18. Nxb3 Ne6 19. Be3 Rad8 20.
Rxd8 Rxd8 21. Kc2 f5 22. Rd1 Rc8+ 23. Kb1 f4 24. Bc1 Rd8 25. Rxd8+ Nxd8 26. a4
Kf7 27. Kc2 Ke6 28. Bd2 Bf8 29. Kd3 Nb7 30. f3 Bc5 31. h3 Bf2 32. Bb4 Nd8 33.
Bc3 Nc6 34. Nd2 g5 35. Kc4 a6 36. b4 Ne7 37. Kd3 Be3 38. Ke2 b5 39. axb5 Bxd2
40. Bxd2 axb5 41. Kf2 Ng6 42. g4 fxg3+ 43. Kxg3 Kf6 44. Kg4 h6 45. Be3 Nf4 46.
Bxf4 {(=)} 1/2-1/2

[Event "2BLW 1718 DJK Aachen - Klub Kölner Scha"]
[Site "?"]
[Date "2018.02.04"]
[Round "6.8"]
[White "Juegel, Marcel"]
[Black "Wisskirchen, Andreas"]
[Result "0-1"]
[WhiteElo "2166"]
[BlackElo "2213"]
[PlyCount "78"]
[EventDate "2018.??.??"]

1. d4 Nf6 2. Nf3 g6 3. Nc3 d5 4. Bf4 c6 5. e3 Bg7 6. Be2 O-O 7. Ne5 Nfd7 8. h4
Nxe5 9. Bxe5 f6 10. Bxb8 Rxb8 11. h5 g5 12. h6 Bh8 13. Qd3 f5 14. O-O-O e5 15.
dxe5 Bxe5 16. g3 g4 17. Rh5 Qf6 18. Rdh1 Be6 19. f4 gxf3 20. Bxf3 Kh8 21. Ne2
Bxb2+ 22. Kd2 Be5 23. Nf4 Rbd8 24. R1h4 c5 25. Qb5 Bf7 26. Qxb7 Bxh5 27. Nxh5
Qf7 28. Qb5 Qe7 29. Nf4 d4 30. exd4 Bxd4 31. Nd5 Qg5+ 32. Rf4 Qxg3 33. Rxd4
Qf2+ 34. Kc1 Qxd4 35. Qb7 Rg8 36. c3 Rg3 37. Kb2 Qf2+ 38. Ka3 Qxf3 39. Qe7 Qxd5
0-1

[Event "2BLW 1718 TSV Schott Mainz - Aachener S"]
[Site "?"]
[Date "2018.02.04"]
[Round "6.1"]
[White "Seel, Christian"]
[Black "Lobron, Eric"]
[Result "1/2-1/2"]
[WhiteElo "2464"]
[BlackElo "2510"]
[PlyCount "78"]
[EventDate "2018.??.??"]

1. Nf3 Nf6 2. c4 e6 3. Nc3 Bb4 4. g3 O-O 5. Bg2 Bxc3 6. dxc3 d6 7. Qc2 e5 8.
O-O Nbd7 9. Rd1 Qe8 10. Nd2 a5 11. b3 h6 12. Nf1 a4 13. Ba3 e4 14. Ne3 axb3 15.
axb3 b6 16. Nd5 Nxd5 17. cxd5 f5 18. c4 Qf7 19. Bb2 Rxa1 20. Bxa1 Nf6 21. Qd2
Bd7 22. Bd4 Ra8 23. Ra1 Rxa1+ 24. Bxa1 Be8 25. Qa2 Qe7 26. Qa8 Kf7 27. Bd4 Bd7
28. Qa7 Ne8 29. e3 b5 30. Bf1 bxc4 31. bxc4 c5 32. dxc6 Bxc6 33. Qb6 Qb7 34.
Qa5 Bd7 35. c5 dxc5 36. Qxc5 Qc6 37. Qb4 Nf6 38. Bc4+ Be6 39. Bxe6+ Qxe6
1/2-1/2

[Event "2BLW 1718 TSV Schott Mainz - Aachener S"]
[Site "?"]
[Date "2018.02.04"]
[Round "6.2"]
[White "Dann, Matthias"]
[Black "Koch, Thomas"]
[Result "1-0"]
[WhiteElo "2528"]
[BlackElo "2467"]
[PlyCount "79"]
[EventDate "2018.??.??"]

1. e4 c5 2. Nc3 Nc6 3. Nf3 e5 4. Bc4 Be7 5. d3 Nf6 6. Nd2 a6 7. a3 b5 8. Ba2 d6
9. Nf1 Bg4 10. Qd2 Nd7 11. Nd5 O-O 12. Ng3 Bh4 13. O-O Ne7 14. b4 Be6 15. Qe2
Rc8 16. Bb3 Bxd5 17. exd5 Bxg3 18. fxg3 Qc7 19. c4 Rb8 20. Bg5 f6 21. Be3 bxc4
22. Bxc4 cxb4 23. axb4 Rxb4 24. Rxa6 Nc5 25. Ra2 Rfb8 26. h3 Rb1 27. Kh2 h6 28.
Rxb1 Rxb1 29. Ra8+ Kf7 30. Qh5+ Ng6 31. Qf5 Qd7 32. Qf2 Nb7 33. Qa2 Rb4 34. Ra7
Ne7 35. Bd2 Rb6 36. Ba5 Qc7 37. Bxb6 Qxb6 38. Qa6 Qxa6 39. Rxa6 e4 40. dxe4 1-0

[Event "2BLW 1718 TSV Schott Mainz - Aachener S"]
[Site "?"]
[Date "2018.02.04"]
[Round "6.3"]
[White "Jackelen, Thomas"]
[Black "Cicak, Slavko"]
[Result "1/2-1/2"]
[WhiteElo "2403"]
[BlackElo "2495"]
[PlyCount "44"]
[EventDate "2018.??.??"]

1. Nf3 c5 2. c4 b6 3. g3 Bb7 4. Bg2 g6 5. Nc3 Bg7 6. O-O Nc6 7. e3 Bxc3 8. bxc3
Na5 9. d3 f5 10. e4 fxe4 11. dxe4 Bxe4 12. Qe2 Bb7 13. Bg5 Qc7 14. Rfe1 O-O-O
15. Rad1 d6 16. Qe6+ Qd7 17. Qf7 Nc6 18. Qg7 Nf6 19. Bxf6 exf6 20. Qxf6 Rhf8
21. Qh4 Qf7 22. Re2 Qg7 1/2-1/2

[Event "2BLW 1718 TSV Schott Mainz - Aachener S"]
[Site "?"]
[Date "2018.02.04"]
[Round "6.4"]
[White "Balcerak, Jakob"]
[Black "Sonntag, Hans-Hubert"]
[Result "1-0"]
[WhiteElo "2468"]
[BlackElo "2344"]
[PlyCount "89"]
[EventDate "2018.??.??"]

1. d4 Nf6 2. c4 e6 3. Nf3 d5 4. Nc3 Be7 5. Bf4 O-O 6. e3 Nbd7 7. Qc2 c5 8. Rd1
cxd4 9. Rxd4 Qa5 10. Bg3 Bb4 11. a3 Bxc3+ 12. Qxc3 Qxc3+ 13. bxc3 b6 14. cxd5
exd5 15. Bb5 Bb7 16. c4 Nc5 17. cxd5 Nxd5 18. Bc4 Nc3 19. Bd6 Rfd8 20. Ng5 Ne6
21. Nxe6 fxe6 22. Bxe6+ Kh8 23. Be5 Rxd4 24. Bxd4 Nb5 25. Bb2 Rd8 26. f3 Ba6
27. Bc4 Nc3 28. Bxa6 Rd1+ 29. Kf2 Rd2+ 30. Kg3 Rxb2 31. Rc1 Rb3 32. a4 g6 33.
Kf4 Kg7 34. g4 h6 35. Ke5 Ra3 36. f4 Kf7 37. e4 Ke7 38. Bb5 Rb3 39. Bc6 Ra3 40.
f5 gxf5 41. gxf5 Nxa4 42. f6+ Kf8 43. Rd1 Nc3 44. Rd8+ Kf7 45. Be8+ 1-0

[Event "2BLW 1718 TSV Schott Mainz - Aachener S"]
[Site "?"]
[Date "2018.02.04"]
[Round "6.5"]
[White "Klein, Felix"]
[Black "Bewersdorff, Oliver"]
[Result "1/2-1/2"]
[WhiteElo "2311"]
[BlackElo "2322"]
[PlyCount "101"]
[EventDate "2018.??.??"]

1. e4 e5 2. Nf3 Nc6 3. Bb5 a6 4. Ba4 Nf6 5. O-O Be7 6. Re1 b5 7. Bb3 d6 8. c3
O-O 9. h3 Bb7 10. d3 Na5 11. Bc2 c5 12. Nbd2 Qc7 13. Nf1 Nc6 14. Ne3 Rad8 15.
Nf5 d5 16. Qe2 dxe4 17. dxe4 Nd7 18. Nh2 Bf6 19. Ng4 Ne7 20. Nxf6+ Nxf6 21.
Nxe7+ Qxe7 22. a4 Bc6 23. axb5 axb5 24. f3 Nh5 25. Be3 Nf4 26. Qf2 Ne6 27. g3
Rfe8 28. Kh2 Qb7 29. Red1 Rxd1 30. Rxd1 Qe7 31. Bb3 c4 32. Bc2 Rd8 33. Re1 Bb7
34. Bb6 Rd6 35. Re2 Qf6 36. Be3 Rd7 37. h4 h6 38. Rd2 Rxd2 39. Bxd2 Qd8 40. Be3
Qa8 41. Qd2 Qd8 42. Qxd8+ Nxd8 43. Kg2 Ne6 44. Kf2 g5 45. hxg5 hxg5 46. Ke2 Kf8
47. Kd2 Ke7 48. g4 f6 49. Bd1 Kd6 50. Be2 Nc5 51. Bxc5+ 1/2-1/2

[Event "2BLW 1718 TSV Schott Mainz - Aachener S"]
[Site "?"]
[Date "2018.02.04"]
[Round "6.6"]
[White "Gohil, Harry"]
[Black "Begnis, Nikolaos"]
[Result "0-1"]
[WhiteElo "2226"]
[BlackElo "2268"]
[PlyCount "56"]
[EventDate "2018.??.??"]

1. d4 Nf6 2. Bg5 c5 3. d5 g6 4. Nc3 Bg7 5. e4 h6 6. Be3 d6 7. Be2 O-O 8. Qd2
Kh7 9. h3 a6 10. f4 b5 11. Bf3 Nbd7 12. Rd1 Nb6 13. b3 Ne8 14. Nge2 b4 15. Nb1
a5 16. O-O a4 17. c3 bxc3 18. Nbxc3 Nc7 19. Qc2 Bd7 20. Rfe1 Na6 21. Bf2 axb3
22. axb3 Nb4 23. Qd2 Ra3 24. Rb1 Nc8 25. Nc1 Qa5 26. Nd1 Nb6 27. Ne3 Bb5 28. e5
Ra8 0-1

[Event "2BLW 1718 TSV Schott Mainz - Aachener S"]
[Site "?"]
[Date "2018.02.04"]
[Round "6.7"]
[White "Coenen, Norbert"]
[Black "Lisanti, Andre"]
[Result "1-0"]
[WhiteElo "2286"]
[BlackElo "2230"]
[PlyCount "81"]
[EventDate "2018.??.??"]

1. e4 e5 2. Nf3 Nc6 3. Bb5 Nf6 4. d3 Bc5 5. O-O d6 6. c3 a6 7. Bxc6+ bxc6 8.
Re1 O-O 9. d4 exd4 10. cxd4 Bb6 11. h3 Re8 12. Nc3 h6 13. Qc2 Re6 14. Be3 Ba5
15. Bd2 Bxc3 16. bxc3 d5 17. e5 Ne4 18. Rf1 Rg6 19. Kh2 a5 20. Be3 Qe7 21. Rg1
c5 22. dxc5 Qe6 23. Qd3 Rb8 24. Bd4 Rb2 25. Nh4 Rg3 26. Qf1 Nd2 27. Kxg3 Nxf1+
28. Rgxf1 g5 29. Nf3 Qf5 30. Be3 Ba6 31. Rfd1 Bc4 32. a4 Kh7 33. Rd4 Rc2 34. h4
Rxc3 35. hxg5 hxg5 36. Rg4 Be2 37. Rh1+ Kg7 38. Rxg5+ Qxg5+ 39. Bxg5 Bxf3 40.
gxf3 Rxc5 41. Rc1 1-0

[Event "2BLW 1718 TSV Schott Mainz - Aachener S"]
[Site "?"]
[Date "2018.02.04"]
[Round "6.8"]
[White "Kienast, Joerg"]
[Black "Lamby, Philipp"]
[Result "1/2-1/2"]
[WhiteElo "2222"]
[BlackElo "2208"]
[PlyCount "53"]
[EventDate "2018.??.??"]

1. e4 e5 2. Nf3 Nc6 3. Bc4 Bc5 4. c3 Nf6 5. d4 exd4 6. cxd4 Bb4+ 7. Bd2 Nxe4 8.
Bxb4 Nxb4 9. Bxf7+ Kxf7 10. Qb3+ Kf8 11. Qxb4+ Qe7 12. Qxe7+ Kxe7 13. O-O Nf6
14. Re1+ Kd8 15. Nc3 d6 16. Ng5 Rf8 17. Rac1 h6 18. Nge4 Nxe4 19. Rxe4 Bf5 20.
Re3 Rf7 21. d5 a6 22. Ne2 Kd7 23. Nd4 Rg8 24. Rec3 Rc8 25. Re3 Rg8 26. Rec3 Rc8
27. Re3 1/2-1/2

[Event "2BLW 1718 SV Koblenz - SG Bochum 31"]
[Site "?"]
[Date "2018.02.04"]
[Round "6.1"]
[White "Fridman, Rafael"]
[Black "Sulskis, Sarunas"]
[Result "1/2-1/2"]
[WhiteElo "2462"]
[BlackElo "2532"]
[PlyCount "49"]
[EventDate "2018.??.??"]

1. e4 d5 2. exd5 Qxd5 3. Nc3 Qd6 4. d4 Nf6 5. Nf3 g6 6. Bc4 Bg7 7. O-O O-O 8.
Nb5 Qd8 9. Bf4 c6 10. Bc7 Qd7 11. Ne5 Qe8 12. Nc3 b5 13. Bxb8 Rxb8 14. Bb3 a5
15. a3 Bb7 16. Qe2 e6 17. Rfe1 Qe7 18. Rad1 Rbd8 19. Qe3 Rd6 20. a4 b4 21. Ne2
Rfd8 22. Nc4 Rd5 23. Ne5 R5d6 24. Nc4 Rd5 25. Ne5 {((=)} 1/2-1/2

[Event "2BLW 1718 SV Koblenz - SG Bochum 31"]
[Site "?"]
[Date "2018.02.04"]
[Round "6.2"]
[White "Balog, Imre"]
[Black "Hendriks, Willy"]
[Result "1-0"]
[WhiteElo "2548"]
[BlackElo "2415"]
[PlyCount "119"]
[EventDate "2018.??.??"]

1. c4 e5 2. g3 d6 3. Bg2 g6 4. Nc3 Bg7 5. e4 Nc6 6. Nge2 f5 7. d3 Nf6 8. Nd5
O-O 9. Bg5 Be6 10. Qd2 Qd7 11. O-O Nh5 12. exf5 Bxf5 13. b4 Rac8 14. Rae1 Rf7
15. b5 Nd8 16. Bxd8 Rxd8 17. d4 Be6 18. dxe5 dxe5 19. Qa5 c6 20. bxc6 bxc6 21.
Nb4 Bxc4 22. Nxc6 Ra8 23. Qa4 Bd3 24. Rd1 e4 25. Nc1 Nf6 26. Nxd3 exd3 27. Qc4
d2 28. f4 Qc7 29. Rxd2 Kh8 30. h3 Re7 31. Kh2 Re3 32. Qc5 Rc3 33. Qb5 Qb6 34.
Qxb6 axb6 35. Rfd1 Bf8 36. g4 Re3 37. Ne5 Bc5 38. Rd8+ Rxd8 39. Rxd8+ Kg7 40.
Rb8 Re2 41. Rb7+ Kg8 42. a4 g5 43. fxg5 Bd6 44. Kg1 Bxe5 45. Kf1 Rb2 46. gxf6
Rb1+ 47. Kf2 Rb2+ 48. Kf3 Bxf6 49. Bf1 Rb4 50. Bb5 Bd4 51. Ke4 Bc5+ 52. Kf5 Rd4
53. Bc6 Rd6 54. Be4 Bd4 55. g5 h6 56. g6 Rf6+ 57. Kg4 Rd6 58. Bd3 Rc6 59. Bb1
Rf6 60. Ba2+ 1-0

[Event "2BLW 1718 SV Koblenz - SG Bochum 31"]
[Site "?"]
[Date "2018.02.04"]
[Round "6.3"]
[White "Kotainy, Jens"]
[Black "Fritsche, Lutz"]
[Result "1-0"]
[WhiteElo "2420"]
[BlackElo "2332"]
[PlyCount "83"]
[EventDate "2018.??.??"]

1. d4 g6 2. Nf3 Bg7 3. Bf4 c5 4. e3 Nf6 5. Be2 Qb6 6. Na3 d5 7. Nb5 Na6 8. O-O
Bd7 9. a4 cxd4 10. exd4 O-O 11. c3 Rfc8 12. Ne5 Be8 13. a5 Qd8 14. Qb3 Nb8 15.
Na3 Nc6 16. Qxb7 Nxa5 17. Qa6 Nb3 18. Ra2 Ne4 19. Nc2 Qb6 20. Ra3 Nbd2 21. Qxb6
axb6 22. Rfa1 Rxa3 23. Rxa3 f6 24. Nf3 Nc4 25. Bxc4 Rxc4 26. Ne3 Ra4 27. Rxa4
Bxa4 28. Nxd5 b5 29. Nxe7+ Kf7 30. Nd5 Bf8 31. Nd2 Nxd2 32. Bxd2 Bb3 33. Ne3
Ke6 34. f3 Bd6 35. Kf2 h5 36. g3 h4 37. Nf1 h3 38. Bf4 Be7 39. g4 g5 40. Bb8 f5
41. gxf5+ Kxf5 42. Kg3 1-0

[Event "2BLW 1718 SV Koblenz - SG Bochum 31"]
[Site "?"]
[Date "2018.02.04"]
[Round "6.4"]
[White "Kipper, Jens"]
[Black "Goudriaan, Etienne"]
[Result "1-0"]
[WhiteElo "2371"]
[BlackElo "2355"]
[PlyCount "89"]
[EventDate "2018.??.??"]

1. Nf3 d5 2. d4 Nf6 3. c4 e6 4. Nc3 Bb4 5. cxd5 exd5 6. Bg5 h6 7. Bf4 c5 8.
dxc5 Nbd7 9. e3 O-O 10. Be2 Qa5 11. O-O Bxc3 12. bxc3 Ne4 13. c4 Nc3 14. Qe1
Nxe2+ 15. Qxe2 dxc4 16. Qxc4 b6 17. c6 Ba6 18. Qd4 Nc5 19. Rfc1 Rfe8 20. Nd2
Qb5 21. c7 Rac8 22. Bg3 Bb7 23. Nc4 Ne6 24. Qd2 Rf8 25. Rc2 Qa6 26. Nd6 Ra8 27.
Rac1 Nc5 28. f3 Bc8 29. e4 Be6 30. Rc3 Na4 31. Rc6 Bd7 32. R6c2 b5 33. Bf2 Nb6
34. Bxb6 Qxb6+ 35. Kh1 Qc6 36. e5 Be6 37. Qb4 Bd7 38. h3 Bc8 39. Qxb5 Qxb5 40.
Nxb5 Re8 41. f4 Kf8 42. Nd6 Re7 43. Rb2 g5 44. f5 Rxe5 45. Rb8 1-0

[Event "2BLW 1718 SV Koblenz - SG Bochum 31"]
[Site "?"]
[Date "2018.02.04"]
[Round "6.5"]
[White "Schlawin, Marlon"]
[Black "Hammes, Michael"]
[Result "1/2-1/2"]
[WhiteElo "2345"]
[BlackElo "2334"]
[PlyCount "80"]
[EventDate "2018.??.??"]

1. e4 e6 2. d4 d5 3. e5 c5 4. c3 Qb6 5. Nf3 Nc6 6. a3 Nh6 7. b4 cxd4 8. cxd4
Nf5 9. Bb2 Bd7 10. Be2 Be7 11. O-O h5 12. Qd2 g5 13. Rd1 g4 14. Ne1 f6 15. Bd3
Nh4 16. Nc3 fxe5 17. dxe5 Rg8 18. Kh1 Bg5 19. Qe2 Ne7 20. Bc1 O-O-O 21. Bxg5
Rxg5 22. a4 Rf8 23. Ra2 Nhg6 24. Bxg6 Nxg6 25. Nd3 Nf4 26. Nxf4 Rxf4 27. Qd2
Rgf5 28. Rc2 Kb8 29. Kg1 Rxf2 30. Qxf2 Rxf2 31. Rxf2 Qe3 32. Ne2 Bxa4 33. Rc1
Bb5 34. Rc3 Qb6 35. Rc5 a6 36. Nd4 Bc4 37. Rf8+ Ka7 38. Rf7 Kb8 39. Rf8+ Ka7
40. Rf7 Kb8 1/2-1/2

[Event "2BLW 1718 SV Koblenz - SG Bochum 31"]
[Site "?"]
[Date "2018.02.04"]
[Round "6.6"]
[White "Wolf, Volker"]
[Black "Hengelbrock, Joachim"]
[Result "1-0"]
[WhiteElo "2324"]
[BlackElo "2304"]
[PlyCount "81"]
[EventDate "2018.??.??"]

1. e4 c5 2. Nf3 d6 3. d4 cxd4 4. Nxd4 Nf6 5. Nc3 a6 6. a3 e5 7. Nf5 h6 8. Bc4
b5 9. Ba2 Nc6 10. O-O Bxf5 11. exf5 Be7 12. Be3 O-O 13. Qf3 Rc8 14. Rad1 Na5
15. h3 Nc4 16. Bc1 Qa5 17. Ne4 Qc7 18. Nxf6+ Bxf6 19. Qg4 Kh7 20. Bxc4 bxc4 21.
Rd5 Rfd8 22. Qe4 Kg8 23. Bd2 Qc6 24. Rd1 Rd7 25. Bb4 Be7 26. Qg4 Rcd8 27. Kh1
Bf6 28. Bc3 Re8 29. h4 Kh7 30. Qe4 Rc8 31. g3 Kg8 32. Kg2 Rdd8 33. Kh3 Be7 34.
Bxe5 Bf8 35. Bc3 Re8 36. Qg4 Kh7 37. Rxd6 Qc5 38. R6d2 f6 39. Qg6+ Kh8 40. Bb4
Qc6 41. Rd7 1-0

[Event "2BLW 1718 SV Koblenz - SG Bochum 31"]
[Site "?"]
[Date "2018.02.04"]
[Round "6.7"]
[White "Tkachuk, Konstantyn"]
[Black "Stewart, Neil"]
[Result "1-0"]
[WhiteElo "2295"]
[BlackElo "2217"]
[PlyCount "67"]
[EventDate "2018.??.??"]

1. e4 e5 2. Nf3 Nc6 3. Bc4 Bc5 4. d3 Nf6 5. Nc3 a6 6. Be3 Ba7 7. Bxa7 Rxa7 8.
d4 exd4 9. Nxd4 O-O 10. Nxc6 bxc6 11. Qd4 Ra8 12. O-O-O d6 13. e5 Ne8 14. f4
Be6 15. Bxe6 fxe6 16. g3 Qe7 17. Rhe1 d5 18. Na4 Rb8 19. Qc5 Qd7 20. Re3 Rb5
21. Qa3 g5 22. fxg5 Rf2 23. Nc3 Rb6 24. Ne4 Rf5 25. Nf6+ Nxf6 26. gxf6 Qf7 27.
g4 Rf4 28. h3 Rfb4 29. Rb3 Rc4 30. Rxb6 cxb6 31. Qd6 h6 32. Rf1 Kh7 33. Qe7 Kg6
34. h4 1-0

[Event "2BLW 1718 SV Koblenz - SG Bochum 31"]
[Site "?"]
[Date "2018.02.04"]
[Round "6.8"]
[White "Bohn, Thomas"]
[Black "Tkachuk, Sergij"]
[Result "1/2-1/2"]
[WhiteElo "2329"]
[BlackElo "2184"]
[PlyCount "147"]
[EventDate "2018.??.??"]

1. f4 d5 2. Nf3 e6 3. e3 c5 4. b3 f5 5. Bb2 Nf6 6. Ne5 Be7 7. Bb5+ Nbd7 8.
Bxd7+ Bxd7 9. O-O O-O 10. d3 Be8 11. Nd2 Bh5 12. Qe1 Nd7 13. e4 Nxe5 14. Bxe5
Bf6 15. exd5 exd5 16. Qe3 Bxe5 17. Qxe5 Qd7 18. Rae1 Rfe8 19. Qc3 b6 20. d4
Rxe1 21. Rxe1 Re8 22. Re5 Rxe5 23. fxe5 Qb5 24. Qe3 cxd4 25. Qxd4 Qc5 26. c3
Kf7 27. b4 Qxd4+ 28. cxd4 g5 29. g3 Ke6 30. Kf2 h6 31. Nb1 Be8 32. Ke3 Bb5 33.
a3 Be8 34. Nd2 Bh5 35. Nb1 Be8 36. Nc3 Bc6 37. Nd1 Be8 38. Nf2 Bh5 39. h3 Be8
40. Nd1 Ba4 41. Nc3 Bc6 42. b5 Be8 43. a4 Bf7 44. Nd1 Bh5 45. Nf2 Kd7 46. Kd2
Bf3 47. h4 Bg4 48. hxg5 hxg5 49. Nd3 Bh5 50. Nb4 Bf7 51. Ke3 Kc7 52. Nc6 a6 53.
Ne7 axb5 54. axb5 Be6 55. Ng6 Bd7 56. Ne7 Be6 57. Ng6 Bd7 58. Ne7 Be6 59. Ng6
Bd7 60. Nf8 f4+ 61. gxf4 gxf4+ 62. Kxf4 Bxb5 63. Kf5 Bc6 64. Ne6+ Kc8 65. Nf4
Kd7 66. e6+ Ke7 67. Ke5 b5 68. Ng6+ Ke8 69. Nf4 b4 70. Nd3 b3 71. Kd6 Bb5 72.
Nb2 Bc4 73. Na4 Bb5 74. Nb2 1/2-1/2